Statistics for Which Countries Drink the Most Coffee per Capita?

Click here to take the quiz!

General Stats

  • This quiz has been taken 111 times
  • The average score is 19 of 25

Answer Stats

RankConsumptionAnswer% Correct
259.26 lbsUnited States of America
97%
618.0 lbsSweden
95%
126.45 lbsFinland
93%
1313.0 lbsItaly
92%
221.82 lbsNorway
92%
1811.9 lbsFrance
90%
419.18 lbsDenmark
89%
239.92 lbsSpain
88%
815.0 lbsBelgium
85%
1014.33 lbsCanada
84%
1612.13 lbsGermany
84%
518.52 lbsNetherlands
84%
717.42 lbsSwitzerland
84%
1213.45 lbsAustria
83%
319.84 lbsIceland
81%
249.48 lbsPortugal
80%
229.92 lbsEstonia
79%
1711.9 lbsGreece
79%
1412.79 lbsBrazil
74%
914.33 lbsLuxembourg
70%
1512.79 lbsSlovenia
58%
1911.24 lbsCroatia
56%
1113.67 lbsBosnia and Herzegovina
45%
2010.8 lbsCyprus
38%
2110.58 lbsLebanon
22%

Score Distribution

Percentile by Number Answered

Percent of People with Each Score

Your Score History

You have not taken this quiz